00948pam a2200289 a 450000100060000000300080000600500170001400800390003102000150007003500190008504000270010404100080013106000170013908200260015610000240018224500710020626000340027730000270031150400300033850400200036865000370038865000370042570000240046294200120048699900170049895201430051529648BD-RjUL20211209051435.0140406s1981 nyu b 001 0 eng a0471060054 a(BD-RjUL)29733 aDLCcDLCdBD-RjULbeng aeng aBF 181 C754i00a150.724219bCOI 19811 aConrad, Eva.99032210aIntroduction to experimental psychology /cEva Conrad, Terry Maul. aNew York :bJ. Wiley,cc1981. axiii, 542 p. ;c25 cm. aBibliography: p. 517-533. aIncludes index. 0aPsychology, Experimental.990323 2aPsychology, Experimental.9903241 aMaul, Terry.990325 2ddccBK c29648d29648 00102ddc40728NFICaRUCLbRUCLcReadingd1984-10-10eToppan-Tulipg26.95l0o150.724 COI 1981r2014-04-06 00:00:00tC-1w2014-04-06yBK